• 首页
  • 本馆介绍
  • 公告通知
  • 最新文献
  • 馆藏检索
  • 电子资源
  • 读者导购
  • 参考咨询
  • 我的图书馆
  • 登录
  • 详细信息显示
  • 放入我的书架
  • 预约/预借图书
  • 作者相关作品
  • 分类相关作品
  • 丛书相关作品
  • 出版社相关作品

书目信息

  • 表格格式
  • 工作单格式
  • 卡片格式
题名:
藏学学刊
    
 
作者: 霍巍, , 石硕, 主编 ;四川大学 编
分册: 2011第7辑  
出版信息: 成都   四川大学出版社  2012.06
页数: 264页
开本: 26cm
丛书名:
单 册:
中图分类: K281.4-55 , K28
科图分类:
主题词: 藏学--zang xue--丛刊
电子资源:
ISBN: 978-7-5614-5872-3
000 01143nam0 2200301 450
001 2356195549
005 20231213154149.79
010    @a978-7-5614-5872-3@d38.00CNY
100    @a20130202d2012 em y0chiy50 ea
101 0  @achi@aeng
102    @aCN@b510000
105    @aa a 000yy
200 1  @a藏学学刊@Azang xue xue kan@d= Journal of Tibetology@h2011第7辑@f四川大学中国藏学研究所编@zeng
210    @a成都@c四川大学出版社@d2012.06
215    @a264页@c图@d26cm
300    @a教育部人文社会科学重点研究基地
314    @a本书主编: 霍巍, 石硕
320    @a有书目
330    @a本书共收录17篇藏学研究方面的文章, 包括《考古学的阐释路径与高原史前史的重建》、《西藏新石器时代人群面貌及其与周边文化的联系》、《藏族苯教印章探析》、《清代西藏地方噶厦政府俗官服饰管窥》等。
510 1  @aJournal of Tibetology@zeng
606 0  @a藏学@Azang xue@j丛刊
690    @aK281.4-55@v5
690    @aK28@v4
701  0 @a霍巍,@Ahuo wei@f1957-@4主编
701  0 @a石硕,@Ashi shuo@f1957-@4主编
712 02 @a四川大学@Asi chuan da xue@b中国藏学研究所@Bzhong guo zang xue yan jiu suo@4编
801  0 @aCN@b湖北三新@c20130202
905    @aBZT@dK28@e44:7
    
    藏学学刊= Journal of Tibetology.2011第7辑/四川大学中国藏学研究所编.-成都:四川大学出版社,2012.06
    264页:图;26cm
    教育部人文社会科学重点研究基地
    
    ISBN 978-7-5614-5872-3:38.00CNY
    本书共收录17篇藏学研究方面的文章, 包括《考古学的阐释路径与高原史前史的重建》、《西藏新石器时代人群面貌及其与周边文化的联系》、《藏族苯教印章探析》、《清代西藏地方噶厦政府俗官服饰管窥》等。
●
相关链接 在五车中查询图书 在当当中查询图书 在豆瓣中查询图书


正题名:藏学学刊     索取号:K28/44:7         预约/预借

序号 登录号 条形码 馆藏地/架位号 状态 备注
1 2001579491   2001579491   辽三/辽宁北配(第三批)/1766/ [索取号:K28/44:7] 在馆    
2 2001579492   2001579492   辽三/辽宁北配(第三批)/1766/ [索取号:K28/44:7] 在馆    
3 2001579493   2001579493   辽三/辽宁北配(第三批)/1766/ [索取号:K28/44:7] 在馆    
4 2001579494   2001579494   辽三/辽宁北配(第三批)/1766/ [索取号:K28/44:7] 在馆    
5 2001579495   2001579495   辽三/辽宁北配(第三批)/1766/ [索取号:K28/44:7] 在馆    
6 2001579496   2001579496   辽三/辽宁北配(第三批)/1766/ [索取号:K28/44:7] 在馆    
7 2001579497   2001579497   辽三/辽宁北配(第三批)/1766/ [索取号:K28/44:7] 在馆    
8 2001579498   2001579498   辽三/辽宁北配(第三批)/1766/ [索取号:K28/44:7] 在馆    
9 2001579499   2001579499   辽三/辽宁北配(第三批)/1766/ [索取号:K28/44:7] 在馆    
10 2001579500   2001579500   辽三/辽宁北配(第三批)/1766/ [索取号:K28/44:7] 在馆    
11 2001579501   2001579501   辽三/辽宁北配(第三批)/1766/ [索取号:K28/44:7] 在馆    
12 2001579502   2001579502   辽三/辽宁北配(第三批)/1766/ [索取号:K28/44:7] 在馆    
13 2001579503   2001579503   辽三/辽宁北配(第三批)/1766/ [索取号:K28/44:7] 在馆    
14 2001579504   2001579504   辽三/辽宁北配(第三批)/1766/ [索取号:K28/44:7] 在馆    
15 2001579505   2001579505   辽三/辽宁北配(第三批)/1766/ [索取号:K28/44:7] 在馆    
山东省滨州职业学院图书馆 欢迎您!
大连网信软件有限公司© 版权所有